All Baby-Sitters Club Members and Family - Statistics

General Stats
  • This quiz has been taken 15 times
  • The average score is 23 of 36
Answer Stats
Hint Answer % Correct
NYC treasurer and madethe NY branch of the BSC Anastasia(Stacey) Mcgill
100%
Presidents boy step sibling Andrew Brewer
88%
Artsy vice president and haspurple-ish-pink bangs Claudia (Claud)Kishi
88%
Step-Sister of secretary andis Alternate Officer/Treasurer Dawn Schafer
88%
Vice Presidents genius sister Janine Kishi
88%
Loves Ballet, is a Junior Officer and is bestie of the other Junior Officer Jessica (Jessi)Ramsey
88%
Presidents girl step sibling Karen Brewer
88%
Is BF of secretary and is an AssociateMember Logan Bruno
88%
Has 7 siblings and is the JuniorOfficer Mallory (Mal)Pike
88%
Has a boyfriend and is extremely shy Mary AnneSpier
88%
Vice Presidents grandmother whohad a serious stroke Mimi
88%
Secretary's Only Parent RichardSpier
88%
Presidents Step-Dad who she usedto hate WatsonBrewer
88%
Presidents "So Called" Boyfriendwho's softball team is _____ Bashers Bart Taylor
75%
Junior Officer's Triplet Bro Byron Pike
75%
Presidents little brother David Michael Thomas
75%
Best friend of secretaryand is president of the BSC Kristin (Kristy)Thomas
75%
Has been a Snob in book #10 ofgraphic novels and now is Presidents friend ShannonKilbourne
75%
Junior Officer's Triplet Bro Adam Pike
63%
Secretary's dead mother Alma Baker Spier
63%
Junior Officer's Sister Margo Pike
63%
Junior Officer's Sister Claire Pike
50%
Alternate Officer/Treasurer's Li'l Bro Jeff Schafer
50%
Junior Officer's Triplet Bro Jordan Pike
50%
Junior Officer's Brother Nicky Pike
50%
Junior Officer's Li'l Sister Rebecca(Becca) Ramsey
50%
Alternate Officer/Treasurer's Mom Sharon Schafer
50%
Junior Officer's Baby Bro (Squirt) Ramsey
50%
Junior Officer's Sister Vanessa Pike
50%
Rodowsky Brother #3 Archie Rodowsky
38%
Rodowsky Brother #2 Jackie Rodowsky
38%
Rodowsky Brother #1 Shea Rodowsky
38%
Treasurer's favorite kid to baby-sit Charlotte Johanssen
25%
Sender of the Chain letter book #13 #1 Cokie Mason
25%
Sender of the Chain letter book #13 #2 Grace Blume
25%
Kid who didn't want a sis, but got one Jamie Newton
25%
No matching quizzes found
Score Distribution
Percent of People with Each Score
Percentile by Number Answered
Your Score History
You have not taken this quiz